Language Quiz

Random Language or Spanish Quiz

Ropa Quiz Stats

 Plays Quiz not verified by Sporcle

Support Sporcle.
Go Orange.
Score 0/37 Timer 05:00
0 Plays Today
English Spanish % Correct
shirtcamisa
91.3%
shoeszapatos
91.3%
coatchaqueta
73.9%
suittraje
65.2%
glassesgafas
65.2%
hat (of the stereotypical mexican variety)sombrero
60.9%
to buycomprar
60.9%
tiecorbata
56.5%
sunglassesgafas de sol
47.8%
watchreloj
47.8%
scarfbufanda
43.5%
guantesgloves
43.5%
skirtfalda
43.5%
ringanillo
43.5%
necklacecollar
39.1%
jacketabrigo
30.4%
sleevemanga
26.1%
underwearropa interior
26.1%
raincoatimpermeable
21.7%
English Spanish % Correct
to try onprobarse
17.4%
heelstacones
17.4%
braceletpulsera
13%
lederhosenlederhosen
13%
vestchaleco
8.7%
jeanspantalones vaqueros
8.7%
to fitquedarse
8.7%
high heelstacones altos
8.7%
pantiesbragas
8.7%
brasujetador
8.7%
collarcuello
4.3%
solesuela
4.3%
to wear (shoes)calzar
4.3%
pocketbosililo
0%
thong (this word is masculine....surprise)tanga
0%
full-body leather suitde cuerpo entero traje de cuero
0%
jasperel gato de sr. mangum
0%
fanny packcangurera
0%

You're not logged in!

Compare scores with friends on all Sporcle quizzes.
OR
Log In

From the Vault

Food in Nature

by HappyWife

Don't use this quiz as a field guide next time you go mushroom picking.
Remove Ads.
Support Sporcle.
Get the best of Sporcle when you Go Orange. This ad-free experience offers more features, more stats, and more fun while also helping to support Sporcle. Thank you for becoming a member.

Show Comments

Extras

Created Mar 4, 2011ReportNominate
Tags:Spanish Quiz, English

Top Quizzes Today


Score Distribution

Your Account Isn't Verified!

In order to create a playlist on Sporcle, you need to verify the email address you used during registration. Go to your Sporcle Settings to finish the process.

Report this User

Report this user for behavior that violates our Community Guidelines.

Details: